Category Elimination - English Football (21/22) - Statistics

General Stats
  • This quiz has been taken 626 times
  • The average score is 13 of 16
Answer Stats
Categories # Hint % Correct
Club 39 ...that has been in Premier League
100%
Club 21 ...who has won the Premier or Championship title at least once
100%
Club 44 Premier League & Championship clubs 21/22
100%
Club 16 ...which is not located in London
99%
Club 5 ...which has won any European trophies
98%
Badge 44 Premier League & Championship clubs 21/22
91%
Badge 30 ...with a creature
91%
Badge 12 ...which is either a bird or an insect
90%
Stadium 44 Premier League & Championship clubs 21/22
81%
Stadium 23 ...with a capacity of 30,000+
81%
Stadium 15 ...which is located entirely north to London
75%
Badge 4 ...and the team has won the Championship
61%
Club 1 ...and is located in the Midlands Nottingham Forest
58%
Stadium 4 ...with the first letter coming after N
56%
Stadium 1 ...and have hosted at least 10 Champions League home matches Old Trafford
53%
Badge 1 ...which is located in Wales Cardiff City
52%
No matching quizzes found
Score Distribution
Percent of People with Each Score
Percentile by Number Answered
Your Score History
You have not taken this quiz